000 00682nam a22002177a 4500
999 _c5297
_d5297
003 AR-CdUCM
008 190312b ||||| |||| 00| 0 spa d
040 _aMUNICIPALIDAD PROVINCIAL DEL CUSCO
_cBIBLIOTECA MUNICIPAL DEL CUSCO
082 _a869.56 /
_bB36
100 _aBelli, Carlos Germán
_98779
245 _aEl pie sobre el cuello /
260 _aLima :
_bEdiciones de la Rama Florida,
_c1964.
440 _n236
_916015
500 _aDonación de la familia Nieto.
505 _aContenido :El pie sobre el cuello.
650 _aPoesías peruanas
_91481
650 _aLiteratura siglo XX
_91173
650 _aLiteratura peruana
_9169
942 _2ddc
_cLIBROS
945 _arum